ONLINE PUBLIC ACCESS CATALOG(OPAC)

Physiotherapy in cardiopulmonary conditions (Record no. 64999)

MARC details
000 -LEADER
fixed length control field 00420nam a2200157Ia 4500
008 - FIXED-LENGTH DATA ELEMENTS--GENERAL INFORMATION
fixed length control field 251222s2024 xx 000 0 und d
020 ## - INTERNATIONAL STANDARD BOOK NUMBER
International Standard Book Number 9789354651410
041 ## - LANGUAGE CODE
Language code of text/sound track or separate title eng
082 ## - DEWEY DECIMAL CLASSIFICATION NUMBER
Classification number 615.82 JIA
100 ## - MAIN ENTRY--PERSONAL NAME
Personal name Jiandano, Mariya et.all
245 ## - TITLE STATEMENT
Title Physiotherapy in cardiopulmonary conditions
250 ## - EDITION STATEMENT
Edition statement 1st ed
260 ## - PUBLICATION, DISTRIBUTION, ETC.
Place of publication, distribution, etc. New Delhi
Name of publisher, distributor, etc. Jaypee Brothers Medical Publishers
Date of publication, distribution, etc. 2024
300 ## - PHYSICAL DESCRIPTION
Extent 676p
650 ## - SUBJECT ADDED ENTRY--TOPICAL TERM
Topical term or geographic name entry element Cardio
Holdings
Withdrawn status Lost status Damaged status Not for loan Home library Current library Shelving location Date acquired Source of acquisition Cost, normal purchase price Total Checkouts Full call number Barcode Date last seen Date last checked out Price effective from Koha item type
        College of Physiotheraphy College of Physiotheraphy R4S28 14/11/2025 Vikas Publishers and Distributors | VPAD 1295.00 2 615.82 JIA PT2156 03/03/2026 03/03/2026 22/12/2025 Reference

Powered by Koha